000 00976cab a22001935a 4500
001 L154881
008 120130e20120127xxk 000 0 eng d
035 _a(Sirsi) u154881
041 0 _aeng
100 1 _aLjubic, Philip
245 0 0 _aTake notes of property-linked variety this year
260 _c2012
490 0 _aProperty Week
_v78(04) 27 January 2012, 36(1)
520 _a2012 commercial property returns for the UK will be much lower than in 2011 as a consequence of tough retail conditions, the eurozone debacle and further employment contraction in the banking industry. A consensus among industry experts suggests a negative year for capital values. Property-linked notes are currently cheaper than UK unlisted property funds by at least 1.75%. Graphs show negativity hitting implied UK returns, and balanced funds underperforming IPD All Property index.
590 _aKA
651 4 _aUnited Kingdom
_y
690 _aCommercial property
_96227
942 _n0
999 _c83733
_d83733